000
00322nam a2200157Ia 4500
100
_a
Ting/Kathleen
650
_a
Apache
942
_c
BK
366
_f
20
654
_a
apache
245
_a
Apache Sqoop cookbook
260
_b
Oreilly
_c
2013
082
_a
5.133
_b
TIng
300
_a
75
546
_a
ENGLISH
_c
electronics
999
_c
20515
_d
20515